Wie is de mol? Finalisten Nederland - Statistieken

Algemene statistieken
  • Deze quiz is 5 keer genomen
  • De gemiddelde score is 16 van 86
Antwoordstatistieken
Seizoen Type Naam % Correct
15 Mol Margriet van der Linden
50%
Jubileumseizoen 2 Mol Nathan Rutjes
50%
20 Verliezer Nathan Rutjes
50%
21 Mol Renée Fokker
50%
15 Winnaar Rik van de Westelaken
50%
17 Winnaar Sanne Wallis de Vries
50%
5 Mol Yvon Jaspers
50%
2 Verliezer Yvonne
50%
24 Mol Anna Gimbrère
25%
12 Mol Anne-Marie Jung
25%
16 Verliezer Annemieke Schollaardt
25%
11 Winnaar Art Rooijakkers
25%
20 Winnaar Buddy Vedder
25%
21 Verliezer Charlotte Nijs
25%
23 Winnaar Daniël Verlaan
25%
8 Mol Dennis Weening
25%
Streamingeditie 1 Winnaar Emma
25%
22 Mol Everon Jackson Hooi
25%
24 Winnaar Fons Hendriks
25%
14 Verliezer Freek Bartels
25%
22 Winnaar Fresia Cousiño Arias
25%
7 Mol Inge Ipenburg
25%
18 Mol Jan Versteegh
25%
Jubileumseizoen 1 Mol Jeroen Kijk in de Vegte
25%
17 Verliezer Jochem van Gelder
25%
23 Mol Jurre Geluk
25%
13 Mol Kees Tol
25%
22 Verliezer Kim-Lian van der Meij
25%
10 Mol Kim Pieters
25%
16 Mol Klaas van Kruistum
25%
Jubileumseizoen 2 Verliezer Loes Haverkort
25%
25 Verliezer Maaike Martens
25%
Jubileumseizoen 2 Winnaar Merel Westrik
25%
19 Mol Merel Westrik
25%
20 Verliezer Miljuschka Witzenhausen
25%
6 Mol Milouska Meulens
25%
19 Verliezer Niels Littooij
25%
Jubileumseizoen 1 Winnaar Nikkie de Jager
25%
Streamingeditie 1 Mol Nyree
25%
18 Verliezer Olcay Gulsen
25%
11 Mol Patrick Stoof
25%
13 Winnaar Paulien Cornelisse
25%
23 Verliezer Ranomi Kromowidjojo
25%
20 Mol Rob Dekay
25%
21 Winnaar Rocky Hehakaija
25%
25 Winnaar Roos Moggré
25%
24 Verliezer Rosario Mussendijk
25%
18 Winnaar Ruben Hein
25%
19 Winnaar Sarah Chronis
25%
25 Mol Stijn de Vries
25%
14 Mol Susan Visser
25%
17 Mol Thomas Cammaert
25%
16 Winnaar Tim Hofman
25%
Jubileumseizoen 1 Verliezer Tygo Gernandt
25%
9 Verliezer Anniek Pheifer
0%
13 Verliezer Carolien Borgers
0%
4 Verliezer Chandrika
0%
1 Mol Deborah
0%
8 Winnaar Edo Brunner
0%
4 Mol Elise
0%
7 Verliezer Eva van der Gucht
0%
6 Winnaar Frédérique Huydts
0%
10 Winnaar Frits Sissing
0%
3 Mol George
0%
12 Winnaar Hadewych Minis
0%
3 Verliezer Jantien
0%
Streamingeditie 1 Verliezer Jelmer
0%
3 Winnaar John
0%
9 Mol Jon van Eerd
0%
12 Verliezer Liesbeth Staats
0%
5 Verliezer Lottie Hellingman
0%
5 Winnaar Marc-Marie Huijbregts
0%
15 Verliezer Marlijn Weerdenburg
0%
2 Mol Nico
0%
7 Winnaar Paul Rabbering
0%
1 Winnaar Petra
0%
8 Verliezer Regina Romeijn
0%
7 Verliezer Renate Verbaan
0%
1 Verliezer Robin
0%
6 Verliezer Roderick Veelo
0%
4 Winnaar Ron
0%
10 Verliezer Sanne Vogel
0%
2 Winnaar Sigrid
0%
14 Winnaar Sofie van den Enk
0%
11 Verliezer Soundos El Ahmadi
0%
9 Winnaar Vivienne van den Assem
0%
Geen overeenkomende quizzen gevonden
Scoreverdeling
Procent van Mensen met Elke Score
Percentiel versus Aantal Correcte Antwoorden
Uw Scoregeschiedenis
U heeft deze quiz nog niet genomen